| 000 | 00644nam a2200229 a 4500 | ||
|---|---|---|---|
| 001 | 83930 | ||
| 003 | BD-RjUL | ||
| 005 | 20240627130556.0 | ||
| 008 | 240627s2000 nyua 000 0 eng | ||
| 020 | _a1557833737 | ||
| 035 | _a(BD-RjUL)83930 | ||
| 040 |
_aDLC _cDLC _dDLC _dBD-RjUL _beng |
||
| 041 | _aeng | ||
| 082 | 0 | 0 |
_221 _a792.028 _bSTE 2000 |
| 100 | 1 |
_aAdler, Stella. _913373 |
|
| 245 | 1 | 0 |
_aStella Adler : _bthe art of acting / _ccompiled and edited by Howard Kissel. |
| 260 |
_aNew York : _bApplause Books, _cc2000. |
||
| 300 |
_a271 p. : _bill. ; _c24 cm. |
||
| 650 | 0 | _aActing. | |
| 700 | 1 |
_aKissel, Howard. _913374 |
|
| 942 |
_2ddc _cBK |
||
| 999 |
_c83930 _d83930 |
||